লোডিং...

III-V compund semiconductors integration with silicon-based microelectronics

গ্রন্থ-পঞ্জীর বিবরন
প্রধান লেখক: Li, Tingkai; ed (ed. by)
অন্যান্য লেখক: Mastro, Michael A; ed. by, Dodgar, Armin; ed .by
বিন্যাস: Printed Book
ভাষা:English
প্রকাশিত: Boca Raton CRC/Taylor and Francis 2011
বিষয়গুলি:
LEADER 00776 a2200205 4500
005 20151026133212.0
008 130708b xxu||||| |||| 00| 0 eng d
020 |a 9781439815229 
080 |a 621.382  |b LI 
100 |a Li, Tingkai; ed  |e ed. by 
245 |a III-V compund semiconductors  |b integration with silicon-based microelectronics  |c ed. by Tingkai Li, Michael Mastro and Armin Dadgar 
260 |b CRC/Taylor and Francis  |c 2011  |a Boca Raton 
300 |a x, 593p. 
653 |a Compound semiconductors 
653 |a Optoelectronic devices 
700 |a Mastro, Michael A; ed. by 
700 |a Dodgar, Armin; ed .by 
942 |c BK  |6 _ 
999 |c 65184  |d 65184 
952 |0 0  |1 0  |2 udc  |4 0  |6 621382_LI  |7 0  |9 77539  |a UL  |b UL  |d 2013-01-17  |g 0.00  |o 621.382 LI  |p 00068595  |r 2013-01-17  |v 0.00  |w 2013-01-17  |y BK